STN EN ISO 5817: 2003, Zváranie. Zvarové spoje ocelí, niklu, titánu a ich zliatin zhotovené tavným zváraním (okrem lúčového zvárania). Stupne kvality (ISO 5817: 2003)

Bibliographic Details
Format: Book
Language:Slovak
Published: Bratislava Slovenský ústav technickej normalizácie 2006

MARC

LEADER 00000nam a2200000 a 4500
001 vtls008840242
003 SK-MaSNL
005 20260224184258.0
008 160628s2006 xo f u 000 0 slo
015 |a SNBN2013 
020 |c (cen. skup,) 
040 |a SNK  |b slo  |c SNK  |e AACR2 
041 0 |a slo 
044 |a xo  |c SK 
046 |a s 
084 |a 25.160.40  |2 ICS 
245 0 0 |a STN EN ISO 5817: 2003, Zváranie. Zvarové spoje ocelí, niklu, titánu a ich zliatin zhotovené tavným zváraním (okrem lúčového zvárania). Stupne kvality (ISO 5817: 2003) 
260 |a Bratislava  |b Slovenský ústav technickej normalizácie  |c 2006 
300 |a 32 s. 
500 |a Norma je nahradená normou STN EN ISO 5817 z marca 2008 v celom rozsahu 
540 |a Normy sa podľa zákona č. 264/1999 Z. z. nesmú kopírovať 
774 1 8 |t STN EN ISO 5817: 2008  |d Bratislava : Slovenský ústav technickej normalizácie, 2008  |w vtls009471032 
999 |c 1124821  |d 1126751 
952 |a SNK  |b SNK  |y PREZ  |7 0  |p 17A0518757  |o snkSTN EN ISO 5817  |i snk2006/16346  |8 0  |0 0  |1 0  |4 0  |d 2006-08-18  |l 0  |r 2026-02-24 18:42:58  |w 2026-02-24 
952 |a SNK  |b SNK  |y PREZ  |7 0  |p 17A0518516  |o snkSTN EN ISO 5817 D1  |i snk2006/16488  |8 0  |0 0  |1 0  |4 0  |d 2006-08-22  |l 0  |r 2026-02-24 18:42:58  |w 2026-02-24